000 01048nam a2200289 i 4500
003 EG-GICUC
005 20260422100928.0
008 260418s1957 fre||||fr|||| 001 0 fre d
040 _aEG-GiCUC
_bfre
_cEG-GiCUC
_dEG-GiCUC
_eRda
082 0 4 _221
_a343
_bCO
092 0 4 _221
099 _aLaw1 10 343 CO 1957
100 1 _aAncel , Marc .
245 1 4 _aLes Codes Pénaux Européens :
_nTome II,
_pLes Codes Pénaux Européens,
_pEspagne, Finlande, France, Grèce, Hongrie, Islande, Itpille /
_cIntroduction Marc Ancel.
264 _aParis :
_bPublié par le Centre Français de droit comparé,
_c1957.
300 _a1013 page :
_billustration ;
_c 24 cm.
336 _2rda contenu
_a texte
337 _2rda medias
_aOrdinateur
338 _2 transporteur rda
_a Ressource en ligne
500 _aComprend un index..
650 1 _aSciences Criminelles .
_2qrmak
651 1 _2qrmak
700 1 _aAncel, Marc
_ePrésident
856 4 0 _uhttps://fll.law.cu.edu.eg/fulltext/bks/B10-09546.pdf
905 _a168
_eEman
942 _2ddc
_cBK
_e21
_n0
999 _c71591
_d71591